| 000 | 00868nam a22002295i 4500 | ||
|---|---|---|---|
| 001 | 159287 | ||
| 003 | ES-MaACL | ||
| 005 | 20251207155358.0 | ||
| 008 | 040909s1900 fr |||| | fre d | ||
| 040 |
_aCAM _bspa _cCAM |
||
| 100 | 1 |
_aMeissner, Carl. _9129800 |
|
| 245 | 1 | 0 |
_aPhraséologie latine / _cpar C. Meissner; traduite de l'allemand et augmentée de l'indication de la source des passages cités par Charles Pascal. |
| 250 | _a4e éd. | ||
| 260 |
_aParis : _bLibrairie C. Klincksieck, _c1900 ( _eRennes : _fImp. Fr. Simon) |
||
| 300 |
_aXXIV, 449 p. ; _c17 cm. |
||
| 490 | 1 |
_aNouvelle collection a l'usage des classes ; _v8 |
|
| 650 | 4 |
_aLengua latina. _914291 |
|
| 700 | 1 |
_aPascal, Charles. _9130872 |
|
| 830 | 0 |
_aNouvelle collection à l'usage des classes _v8 _9188199 |
|
| 852 |
_aES-MaACL _jD-2575 _z-- Enc. tela |
||
| 999 |
_c159287 _d159287 |
||